000 00670nam0a22002291 4500
001 rc\974353
005 20041129100939.7
035 _a(NLR Aleph) 006143135
090 _a5683281
_c5683281
100 _a20041129d1982 u |0rusy50 ca
101 0 _arus
102 _aRU
105 _aa |||||||||
200 1 _aПо Северскому Донцу
_eПутеводитель
210 _aДонецк
_cДонбасс и др.
_d1982
215 _a59 с., 20 л. ил., цв. ил.
_d17
700 1 _aМотиенко
_bЯ. В.
_gЯков Власович
801 0 _aRU
_bNLR
_gpsbo
801 1 _aRU
_bELAR
_2rusmarc
852 _aNLR
_j82-2/2995
942 _cBOOK
980 _aNB